U.S. Spieler in der Bundesliga - Statistiken

Allgemein
  • Dieses Quiz wurde 130 mal gespielt
    104 seit der letzten Aktualisierung
  • Das Durchschnittsergebnis liegt bei 7 aus 15
Antwortstatistiken
Spiele Manschaften Antwort % Korrekt
90 Borussia Dortmund Christian Pulisic
72%
74 Bayer Leverkusen, VfL Wolfsburg Claudio Reyna
69%
82 Borussia Dortmund Giovanni Reyna
69%
269 Hertha Berlin, TSG Hoffenheim, VfL Wolfsburg John Brooks
59%
302 Hanover 96 Steve Cherundolo
54%
253 1.FC Nürnberg, Eintracht Frankfurt Timothy Chandler
53%
68 Borussia Mönchengladbach Joe Scally
47%
75 Schalke 04 Weston McKennie
42%
165 Eintracht Frankfurt, Bayer Leverkusen, Schalke 04 Jermaine Jones
41%
209 Borussia Mönchengladbach, TSG Hoffenheim, VfL Wolfsburg Fabian Johnson
39%
75 RB Leipzig Tyler Adams
37%
70 Werder Bremen Josh Sargent
22%
76 Borussia Mönchengladbach Michael Bradley
21%
78 Borussia Mönchengladbach Kasey Keller
20%
199 FC Homburg, 1. FC Kaiserslautern, Bayer Leverkusen, Schalke 04 Thomas Dooley
11%
Keine übereinstimmenden Quizze gefunden
Verteilung der Resultate
Anzahl Personen mit jedem Resultat
Perzentil nach korrekt beantworteten Fragen
Ihre Resultats-Entwicklung
Sie haben dieses Quiz seit der letzten Aktualisierung nicht gespielt